000 00287nam a2200109Ia 4500
008 200302s9999 xx 000 0 und d
100 _aRichard T. Legates and Others
245 _aThe City Reader 5th ed.,
260 _bRoutledge Taylor & Francis Group
260 _c2011
300 _a624 P.,
999 _c5779
_d5779